[Event "Mittelrhein-chT 1112"]
[Site "Germany"]
[Date "2012.05.06"]
[Round "12.8"]
[White "Teloeken, Thomas"]
[Black "Strowitzki, Bernhard"]
[Result "0-1"]
[WhiteElo "832"]
[BlackElo "1481"]
[PlyCount "44"]
[EventDate "2011.09.11"]
[EventType "team-tourn"]
[EventRounds "13"]
[EventCountry "GER"]
[SourceTitle "EXT 2013"]
[Source "ChessBase"]
[SourceDate "2012.11.22"]
[SourceVersion "1"]
[SourceVersionDate "2012.11.22"]
[SourceQuality "1"]
[WhiteTeam "Bruehl II"]
[BlackTeam "Bonn Beuel"]
[WhiteTeamCountry "GER"]
[BlackTeamCountry "GER"]

1. e4 e5 2. Nf3 Nc6 3. d4 exd4 4. Nxd4 Nf6 5. Nxc6 bxc6 6. Nc3 Bb4 7. Qd4 Qe7 8. e5 c5 9. Qf4 c6 10. Bc4 d5 11. 0-0 Bxc3 12. bxc3 Ne4 13. Bd3 Nxc3 14. Bd2 Nb5 15. c3 0-0 16. c4 Nd4 17. Qg3 Bf5 18. Bh6 f6 19. exf6 Qxf6 20. Bg5 Bxd3 21. Bxf6 Ne2+ 22. Kh1 Nxg3+ 0-1